[Event "Outaouais-ch"]
[Site "Hull"]
[Date "1981.??.??"]
[Round "6"]
[White "Leduc, Jean Marc"]
[Black "Laurin, Marcel"]
[Result "1-0"]
[WhiteElo "1631"]
[BlackElo "1544"]
[PlyCount "55"]
[EventDate "1981.??.??"]
[EventType "swiss"]
[EventRounds "9"]
[EventCountry "CAN"]
[SourceTitle "EXT 2022"]
[Source "ChessBase"]
[SourceDate "2021.10.06"]
[SourceVersion "1"]
[SourceVersionDate "2021.10.06"]
[SourceQuality "1"]

1. Nf3 Nf6 2. g3 Nc6 3. Bg2 d5 4. 0-0 e5 5. d3 h6 6. Nbd2 Be7 7. e4 dxe4 8. dxe4 Bg4 9. h3 Bxf3 10. Bxf3 Qd7 11. Bg2 0-0-0 12. c3 g5 13. Qb3 Bd6 14. Nc4 g4 15. h4 Bc5 16. Be3 Qe7 17. Rfd1 Bxe3 18. Nxe3 h5 19. Nd5 Nxd5 20. exd5 Na5 21. Qa4 b6 22. b4 Nc4 23. Qxa7 Kd7 24. Qb7 Nd6 25. Qc6+ Kc8 26. a4 Nb7 27. Qxb7+ Kxb7 28. d6+ 1-0